[Event "U.S. Amateur North"]
[Site "Detroit, MI"]
[Date "1998.??.??"]
[Round "?"]
[White "Moore, Robert"]
[Black "Hooker, Larry"]
[Result "1-0"]
[WhiteElo "1605"]
[BlackElo "1605"]
[PlyCount "96"]
[EventDate "1998.05.??"]

{5/23} 1. e4 e5 2. Nf3 Nc6 3. Bb5 Bc5 4. O-O d6 5. h3 Nf6 6. d3 h6 7. c3 O-O 8.
a4 a6 9. Bxc6 bxc6 10. Nbd2 Re8 11. b4 Ba7 12. c4 Bb7 13. Nb3 d5 14. Na5 dxe4
15. Nxb7 Qb8 16. Na5 exf3 17. Nxc6 Qb7 18. b5 fxg2 19. Kxg2 axb5 20. cxb5 Bd4
21. Ra2 Nd5 22. Qf3 Kf8 23. Qxd5 Re6 24. Kh2 Rg6 25. Qe4 Bc5 26. Be3 Bd6 27.
Rg1 Rf6 28. Kh1 Qc8 29. Qg4 Rf5 30. Qxg7+ Ke8 31. Qxh6 Bf8 32. Rg8 Kd7 33. Qh7
Ke6 34. Bc5 Bxc5 35. Rxc8 Rxc8 36. Qh4 Rg8 37. Qc4+ Kd6 38. Ne7 Kxe7 39. Qxc5+
Kf6 40. Ra1 Rh5 41. Qc6+ Ke7 42. Qxc7+ Ke6 43. Qc6+ Ke7 44. Qf3 Rgg5 45. Rc1
Kf8 46. Kh2 Kg7 47. Rg1 Rxg1 48. Kxg1 Rh4 1-0

[Event "Kalamazoo Mini-Swiss.1"]
[Site "Kalamazoo, MI"]
[Date "1998.??.??"]
[Round "?"]
[White "Moore, Robert"]
[Black "Griffin, John"]
[Result "1-0"]
[WhiteElo "1610"]
[BlackElo "1605"]
[PlyCount "85"]
[EventDate "1998.??.??"]

1. e4 c5 2. Nf3 Nc6 3. d4 cxd4 4. Nxd4 Nf6 5. Nc3 e5 6. Ndb5 d6 7. Bg5 a6 8.
Na3 Be6 9. Nd5 Be7 10. Bxf6 Bxf6 11. Be2 O-O 12. O-O Nd4 13. Bd3 Bxd5 14. exd5
Qd7 15. Nc4 Bd8 16. c3 b5 17. Ne3 Bb6 18. cxd4 Bxd4 19. Bf5 Qa7 20. Qe2 g6 21.
Bh3 f5 22. Rac1 Rac8 23. b3 Rc7 24. Qd2 Rfc8 25. Rxc7 Rxc7 26. Rc1 Rxc1+ 27.
Qxc1 Kg7 28. Qd2 Kf6 29. g3 Bxe3 30. Qxe3 Qxe3 31. fxe3 e4 32. g4 b4 33. gxf5
gxf5 34. Bf1 a5 35. Kf2 Kg5 36. Kg3 h6 37. h4+ Kh5 38. Be2+ Kg6 39. Kf4 Kf6 40.
h5 Ke7 41. Kxf5 Kf7 42. Bb5 Ke7 43. Kg6 1-0

[Event "Kalamazoo Mini-Swiss.1"]
[Site "Kalamazoo, MI"]
[Date "1998.??.??"]
[Round "?"]
[White "Moore, Robert"]
[Black "Griffin, John"]
[Result "1-0"]
[WhiteElo "1605"]
[BlackElo "1605"]
[PlyCount "63"]
[EventDate "1998.??.??"]

1. e4 c5 2. Nf3 Nc6 3. d4 cxd4 4. Nxd4 Nf6 5. Nc3 e5 6. Ndb5 d6 7. Bg5 a6 8.
Na3 b5 9. Nd5 Be7 10. Bxf6 Bxf6 11. c3 Be6 12. Nc2 Bxd5 13. exd5 Ne7 14. Ne3
O-O 15. Bd3 g6 16. h4 h6 17. Qf3 Bg7 18. h5 f5 19. Qh3 e4 20. Bc2 Qe8 21. Ke2
gxh5 22. Qxh5 Qxh5+ 23. Rxh5 f4 24. Ng4 f3+ 25. gxf3 Rxf3 26. Bxe4 Rf4 27. f3
Raf8 28. Rg1 Nf5 29. Bxf5 R4xf5 30. Nxh6+ Kh7 31. Nxf5+ Bh6 32. Rxh6# 1-0

[Event "Michigan Amateur"]
[Site "Kalamazoo "]
[Date "1998.??.??"]
[Round "?"]
[White "Moore, Robert"]
[Black "Frelander, Marc"]
[Result "1-0"]
[WhiteElo "1630"]
[BlackElo "1605"]
[PlyCount "111"]
[EventDate "1998.07.??"]

{7/18} 1. e4 e5 2. Nf3 Nc6 3. Bb5 Nf6 4. O-O Bd6 5. Re1 O-O 6. c3 Bc5 7. d4
exd4 8. cxd4 Be7 9. Nc3 a6 10. Ba4 Re8 11. e5 Bb4 12. exf6 Bxc3 13. bxc3 gxf6
14. Bh6 Ne7 15. Bc2 Ng6 16. h4 d5 17. h5 Nf8 18. Qd3 f5 19. Rxe8 Qxe8 20. Ne5
f6 21. Qg3+ Ng6 22. hxg6 hxg6 23. Nf3 Kf7 24. Qxc7+ Qd7 25. Qxd7+ Bxd7 26. Re1
g5 27. Bb3 Be6 28. Bxg5 Rg8 29. Bf4 b5 30. Bd6 a5 31. a4 b4 32. cxb4 axb4 33.
Rc1 Rd8 34. Rc7+ Kg6 35. Bf4 Rd7 36. Rxd7 Bxd7 37. a5 Bc6 38. a6 Kf7 39. a7 Ke6
40. Ne1 Kd7 41. Nc2 Kc8 42. Nxb4 Ba8 43. Bxd5 Bxd5 44. Nxd5 Kb7 45. Bb8 f4 46.
Nb6 f3 47. a8=Q+ Kxb6 48. Qd5 fxg2 49. Qc5+ Kb7 50. Qc7+ Ka6 51. Qc6+ Ka5 52.
Qb7 f5 53. Bd6 f4 54. Bc5 f3 55. Qb4+ Ka6 56. Qb6# 1-0

[Event "Kalamazoo Mini-Swiss.2"]
[Site "Kalamazoo, MI"]
[Date "1998.??.??"]
[Round "?"]
[White "Moore, Robert"]
[Black "Franklin, Stan"]
[Result "1-0"]
[WhiteElo "1605"]
[BlackElo "1655"]
[PlyCount "67"]
[EventDate "1998.??.??"]

1. e4 e5 2. Nf3 Nc6 3. Bb5 a6 4. Ba4 d6 5. h3 Nf6 6. d3 Be7 7. c3 O-O 8. O-O b5
9. Bc2 Bb7 10. Re1 Qd7 11. Nbd2 h6 12. Nf1 Rae8 13. Be3 Nh7 14. Ng3 Bd8 15. Nf5
Ng5 16. Nxg5 hxg5 17. Qg4 Re6 18. Bb3 Bc8 19. Bxe6 Qxe6 20. Bxg5 Bxg5 21. Qxg5
g6 22. Re3 Qe8 23. Qh6 Bxf5 24. exf5 Ne7 25. g4 gxf5 26. Qg5+ Kh7 27. Qh5+ Kg7
28. gxf5 Rh8 29. Qg5+ Kf8 30. Kh2 Nd5 31. f6 Rh7 32. Rg3 Nxf6 33. Qxf6 Qd7 34.
Rag1 1-0

[Event "Michigan Amateur"]
[Site "Kalamazoo "]
[Date "1998.??.??"]
[Round "?"]
[White "Moore, Robert"]
[Black "Evans Sr., Thomas"]
[Result "1/2-1/2"]
[WhiteElo "1630"]
[BlackElo "1910"]
[PlyCount "98"]
[EventDate "1998.07.??"]

{7/19} 1. e4 e6 2. d4 c5 3. c3 cxd4 4. cxd4 Nf6 5. Nc3 Bb4 6. Bd3 Nc6 7. a3 Qa5
8. Bd2 Bxc3 9. bxc3 d6 10. Nf3 h6 11. O-O Qh5 12. Bf4 e5 13. dxe5 dxe5 14. Nxe5
Qxd1 15. Rfxd1 O-O 16. Nxc6 bxc6 17. f3 Be6 18. Rab1 Rfe8 19. Ba6 g5 20. Be3
Bc8 21. Bxc8 Rexc8 22. Rd6 Ne8 23. Rxh6 f6 24. Rb7 Nd6 25. Rd7 Nb5 26. Rg6+ Kh8
27. c4 Nc3 28. Kf2 Rd8 29. Rgg7 Nd1+ 30. Ke2 Nxe3 31. Kxe3 Rdb8 32. Rxa7 Rb3+
33. Kf2 Rab8 34. Rgc7 Rc3 35. Rxc6 Rb2+ 36. Kg3 Rb8 37. c5 Rf8 38. Rcc7 Re8 39.
c6 Rc5 40. Ra6 f5 41. exf5 Rxf5 42. Rd7 Rc8 43. c7 Rff8 44. Rh6+ Kg8 45. Rg6+
Kh8 46. Rxg5 Rxc7 47. Rxc7 Rxf3+ 48. Kh4 Rh3+ 49. Kg4 Rg3+ 1/2-1/2

[Event "Kalamazoo Mini-Swiss.1"]
[Site "Kalamazoo, MI"]
[Date "1998.??.??"]
[Round "?"]
[White "Moore, Robert"]
[Black "Estlick, Laurence"]
[Result "1-0"]
[WhiteElo "1605"]
[BlackElo "1960"]
[PlyCount "39"]
[EventDate "1998.??.??"]

1. e4 e6 2. d4 d5 3. e5 c5 4. c3 Nc6 5. Nf3 Qb6 6. Be2 cxd4 7. cxd4 Bb4+ 8. Nc3
Nge7 9. O-O Bxc3 10. bxc3 O-O 11. Bd3 Bd7 12. Qc2 Ng6 13. Rb1 Qc7 14. Ba3 Rfe8
15. Bd6 Qc8 16. h4 b6 17. h5 Nf8 18. Ng5 h6 19. Bh7+ Kh8 20. Nxf7# 1-0

[Event "Kalamazoo Mini-Swiss.1"]
[Site "Kalamazoo, MI"]
[Date "1998.??.??"]
[Round "?"]
[White "Moore, Robert"]
[Black "Beckwith, Stan"]
[Result "0-1"]
[WhiteElo "1605"]
[BlackElo "1790"]
[PlyCount "70"]
[EventDate "1998.??.??"]

1. e4 c5 2. Nf3 d6 3. d4 cxd4 4. Nxd4 Nf6 5. Nc3 a6 6. Be2 e5 7. Nb3 Be7 8. O-O
O-O 9. Be3 Be6 10. f4 Qc7 11. f5 Bc4 12. Bxc4 Qxc4 13. Nd2 Qc6 14. g4 d5 15. g5
Nxe4 16. Ncxe4 dxe4 17. f6 Bc5 18. Qe2 Nd7 19. Bxc5 Nxc5 20. fxg7 Rfd8 21. Qh5
Qg6 22. Qxg6 fxg6 23. Nc4 Kxg7 24. Nxe5 Rf8 25. b3 Rf5 26. Rxf5 gxf5 27. Rf1
Rf8 28. h4 Ne6 29. Nd7 Rd8 30. Ne5 f4 31. h5 Rd2 32. h6+ Kg8 33. Rf2 Rd5 34.
Nc4 b5 35. Rd2 Rxg5+ 0-1

[Event "Michigan Open Reserve"]
[Site "Flint, MI"]
[Date "1998.??.??"]
[Round "?"]
[White "Moore, Robert"]
[Black "Avery, Bill"]
[Result "0-1"]
[WhiteElo "1610"]
[BlackElo "1605"]
[PlyCount "42"]
[EventDate "1998.09.??"]

1. e4 d5 2. exd5 Qxd5 3. Nc3 Qd8 4. d4 g6 5. Bc4 Bg7 6. Nf3 Nh6 7. O-O O-O 8.
h3 Nf5 9. Ne2 Nc6 10. c3 e5 11. dxe5 Nxe5 12. Nxe5 Bxe5 13. Qxd8 Rxd8 14. Bg5
Re8 15. f4 Bg7 16. Rfe1 h6 17. Nd4 Bxd4+ 18. cxd4 Rxe1+ 19. Rxe1 hxg5 20. Re8+
Kg7 21. fxg5 Nd6 0-1

[Event "Kalamazoo Mini-Swiss.1"]
[Site "Kalamazoo, MI"]
[Date "1998.??.??"]
[Round "?"]
[White "Moore, Robert"]
[Black "Anthony, James"]
[Result "0-1"]
[WhiteElo "1605"]
[BlackElo "1605"]
[PlyCount "114"]
[EventDate "1998.??.??"]

1. e4 d6 2. d4 e6 3. Nf3 g6 4. Be2 Bg7 5. O-O Ne7 6. Nbd2 O-O 7. Nb3 b6 8. c3
Bb7 9. Qc2 Nd7 10. Be3 Rc8 11. Bd3 f5 12. Ng5 Rf6 13. Bc4 Bxe4 14. Nxe4 fxe4
15. Bg5 Nf8 16. Bxf6 Bxf6 17. Ba6 Rb8 18. Qxe4 d5 19. Qf4 Bg7 20. Nd2 Nd7 21.
Nf3 Nf5 22. Rfe1 Bh6 23. Qg4 Nf6 24. Qh3 Nh5 25. g3 Qf6 26. Ne5 Qg5 27. Ng4 Re8
28. Nxh6+ Qxh6 29. Re5 Qg5 30. Kf1 Nhg7 31. Rae1 Rf8 32. Bb5 Rd8 33. g4 Qh6 34.
Qxh6 Nxh6 35. h3 Rd6 36. f4 Nf7 37. R5e3 Rd8 38. Bd3 Nd6 39. b3 Rf8 40. Rf3 c5
41. Kg2 Kf7 42. Kg3 Ke7 43. Rfe3 Kd7 44. a4 a5 45. Bb5+ Ke7 46. dxc5 bxc5 47.
Re5 Ne4+ 48. R1xe4 dxe4 49. Rxe4 Rf6 50. Re5 Rf7 51. Kf3 h6 52. Ke4 h5 53. Bc4
Rf6 54. g5 Rf5 55. Rxf5 Nxf5 56. Bf1 Ng3+ 57. Ke3 Nxf1+ 0-1

[Event "Michigan Open Reserve"]
[Site "Flint, MI"]
[Date "1998.??.??"]
[Round "?"]
[White "Moore, Martin"]
[Black "Wiener, Jack"]
[Result "1-0"]
[WhiteElo "1605"]
[BlackElo "1605"]
[PlyCount "93"]
[EventDate "1998.09.??"]

1. d4 Nf6 2. Nf3 e6 3. e3 Be7 4. Bd3 O-O 5. O-O d6 6. b3 b6 7. Bb2 Bb7 8. Nbd2
Nbd7 9. c4 d5 10. Qc2 g6 11. a3 c6 12. Ne5 Nxe5 13. dxe5 Nd7 14. f4 Nc5 15. Be2
Qc7 16. Nf3 Ne4 17. Bd3 Bc5 18. Rae1 Be7 19. cxd5 exd5 20. Bxe4 dxe4 21. Qxe4
c5 22. Qc2 Bd5 23. Rc1 Qb7 24. Qc3 Be6 25. h4 Rad8 26. Rcd1 f6 27. Rxd8 Bxd8
28. Rf2 Qf7 29. b4 cxb4 30. Qxb4 Be7 31. Qc3 Rc8 32. Qe1 Bg4 33. Qa1 Bc5 34.
Nd4 Rf8 35. Nc2 Rd8 36. Rf1 Rd2 37. Qc1 Qd5 38. Ne1 Bxe3+ 39. Kh1 Be2 40. Qc8+
Kg7 41. exf6+ Kh6 42. Qf8+ Kh5 43. Qg7 Qd7 44. f7 Bxf1 45. Qxh7+ Kg4 46. Qxg6+
Kxf4 47. f8=Q+ 1-0

[Event "Michigan Amateur"]
[Site "Kalamazoo "]
[Date "1998.??.??"]
[Round "?"]
[White "Moore, Martin"]
[Black "Pecot, Dave"]
[Result "1-0"]
[WhiteElo "1605"]
[BlackElo "1605"]
[PlyCount "101"]
[EventDate "1998.07.??"]

{7/18} 1. e4 e5 2. Nf3 f5 3. exf5 e4 4. Nd4 Nf6 5. d3 Bc5 6. Be3 Qe7 7. Be2 O-O
8. O-O Nd5 9. dxe4 Nxe3 10. fxe3 Qxe4 11. Bc4+ d5 12. Qd3 Qxd3 13. Bxd3 Nc6 14.
c3 Ne5 15. Bc2 Ng4 16. Rf3 Re8 17. Nd2 Rxe3 18. h3 Rxf3 19. N2xf3 Nf6 20. b4
Bxd4+ 21. Nxd4 Bd7 22. Re1 Re8 23. Rxe8+ Nxe8 24. g4 Nf6 25. Kf2 b6 26. Kf3 c5
27. bxc5 bxc5 28. Ne2 Bc6 29. Kf4 Ne4 30. Bxe4 dxe4 31. Ng3 e3 32. Kxe3 Kf7 33.
Kf4 g5+ 34. Kxg5 Bg2 35. h4 Bh3 36. Ne4 h6+ 37. Kh5 Kg7 38. Nxc5 Bf1 39. Ne6+
Kh7 40. f6 Bd3 41. Nf4 Bc4 42. g5 hxg5 43. hxg5 Bxa2 44. g6+ Kg8 45. Nd3 Bb3
46. Ne5 a5 47. f7+ Kg7 48. c4 Ba4 49. Kg5 Kf8 50. Kf6 Be8 51. g7# 1-0

[Event "Michigan Amateur"]
[Site "Kalamazoo "]
[Date "1998.??.??"]
[Round "?"]
[White "Moore, Martin"]
[Black "Parker, Harvard"]
[Result "0-1"]
[WhiteElo "1605"]
[BlackElo "1605"]
[PlyCount "120"]
[EventDate "1998.07.??"]

{7/19} 1. e4 d5 2. exd5 Nf6 3. Nf3 Nxd5 4. d4 Bg4 5. Bc4 e6 6. h3 Bh5 7. a3 Be7
8. Bxd5 exd5 9. Be3 O-O 10. Nc3 Re8 11. Qd2 c6 12. g4 Bg6 13. h4 Be4 14. Nxe4
dxe4 15. Ng5 Qd5 16. Nh3 Qb5 17. O-O-O Nd7 18. g5 Nb6 19. Qc3 Rad8 20. Bf4 Na4
21. Qb3 Qxb3 22. cxb3 Nb6 23. Bc7 Rd7 24. Bxb6 axb6 25. Rhf1 Red8 26. Rd2 Rxd4
27. Rfd1 Rxd2 28. Rxd2 Rxd2 29. Kxd2 Bc5 30. Kc3 b5 31. a4 Kf8 32. b4 Ba7 33.
axb5 cxb5 34. Kd2 Ke8 35. Ke2 Bd4 36. b3 Kd7 37. f3 exf3+ 38. Kxf3 Bc3 39. Ke4
Bxb4 40. h5 Be7 41. g6 fxg6 42. hxg6 hxg6 43. Nf2 Ke6 44. Ng4 Kd6 45. Kd4 Bf6+
46. Kd3 Kc5 47. Ke4 Kb4 48. Kd5 Kxb3 49. Nxf6 gxf6 50. Ke6 g5 51. Kxf6 g4 52.
Kf5 g3 53. Ke6 b4 54. Kd6 b5 55. Kc5 Ka4 56. Kd4 g2 57. Kd3 g1=Q 58. Kc2 Qe3
59. Kb2 Qd2+ 60. Kb1 b3 0-1

[Event "U.S. Amateur North"]
[Site "Detroit, MI"]
[Date "1998.??.??"]
[Round "?"]
[White "Moore, Martin"]
[Black "Libby, Dan"]
[Result "1-0"]
[WhiteElo "1605"]
[BlackElo "1750"]
[PlyCount "59"]
[EventDate "1998.05.??"]

{5/23} 1. e4 c5 2. Nf3 Nc6 3. d4 cxd4 4. Nxd4 g6 5. Nc3 Bg7 6. Be3 Nf6 7. Qd2
Ng4 8. Be2 Nxe3 9. fxe3 Qb6 10. O-O-O Bh6 11. Nd5 Qd8 12. Qc3 O-O 13. Nf3 Bg7
14. Qd2 d6 15. h4 Bg4 16. Nd4 Bxe2 17. Qxe2 a5 18. h5 Nb4 19. a3 Na6 20. g4 Nc5
21. Nc3 h6 22. g5 hxg5 23. Qh2 gxh5 24. Qxh5 f6 25. Qh7+ Kf7 26. Nf5 Ne6 27.
Rh6 Rh8 28. Qg6+ Kf8 29. Nxg7 Rxh6 30. Nxe6# 1-0

[Event "U.S. Amateur North"]
[Site "Detroit, MI"]
[Date "1998.??.??"]
[Round "?"]
[White "Moore, Martin"]
[Black "Grams, Paul"]
[Result "0-1"]
[WhiteElo "1605"]
[BlackElo "1705"]
[PlyCount "48"]
[EventDate "1998.05.??"]

{5/23} 1. e4 c5 2. Nf3 d6 3. Nc3 Nc6 4. d4 cxd4 5. Nxd4 Nf6 6. Bg5 e6 7. Qd2 a6
8. h3 Be7 9. Be2 O-O 10. f4 Qc7 11. g4 b5 12. Bf3 Bb7 13. h4 Nxd4 14. Qxd4 h6
15. Bxf6 Bxf6 16. Qd3 Rac8 17. g5 Bxc3+ 18. bxc3 Qxc3+ 19. Ke2 Qxc2+ 20. Qxc2
Rxc2+ 21. Kd3 Rfc8 22. gxh6 R8c3+ 23. Kd4 Rxf3 24. Rad1 Rc4# 0-1

[Event "Michigan Open Reserve"]
[Site "Flint, MI"]
[Date "1998.??.??"]
[Round "?"]
[White "Moore, Martin"]
[Black "Duncan, Robert"]
[Result "1-0"]
[WhiteElo "1605"]
[BlackElo "1605"]
[PlyCount "81"]
[EventDate "1998.09.??"]

1. d4 Nf6 2. Nf3 g6 3. e3 Bg7 4. Nbd2 O-O 5. b3 d6 6. Bb2 Bg4 7. Be2 Nc6 8. a3
Re8 9. O-O Nd7 10. h3 Bxf3 11. Bxf3 e5 12. d5 Ne7 13. e4 Nb6 14. Be2 c6 15. c4
f5 16. f4 c5 17. Bd3 Rf8 18. Nf3 h6 19. fxe5 Nd7 20. exf5 Nxe5 21. Nh4 g5 22.
Ng6 N7xg6 23. fxg6 Rxf1+ 24. Qxf1 Qf8 25. Bf5 Qe7 26. Qe2 Rf8 27. Rf1 Bf6 28.
Rf2 Kg7 29. b4 b6 30. Kh1 Kh8 31. Qh5 Qg7 32. g4 Nxc4 33. Bxf6 Rxf6 34. h4 gxh4
35. g5 Rxf5 36. Rxf5 Qa1+ 37. Kh2 Qb2+ 38. Kh3 Qc3+ 39. Rf3 Qg7 40. Qxh6+ Qxh6
41. gxh6 1-0

[Event "Michigan Open Reserve"]
[Site "Flint, MI"]
[Date "1998.??.??"]
[Round "?"]
[White "Moore, Martin"]
[Black "Carl, Kevin"]
[Result "1-0"]
[WhiteElo "1605"]
[BlackElo "1605"]
[PlyCount "95"]
[EventDate "1998.09.??"]

1. d4 Nf6 2. Nf3 g6 3. e3 Bg7 4. b3 d5 5. Nbd2 c5 6. Bb2 O-O 7. h3 Nc6 8. a3
cxd4 9. exd4 Qb6 10. c4 dxc4 11. Nxc4 Qc7 12. Bd3 Rd8 13. O-O Nh5 14. Bc2 e6
15. Qd2 Nf4 16. Rad1 Nxd4 17. Nxd4 Bxd4 18. Bxd4 Rxd4 19. Qe3 Rxd1 20. Rxd1 Nd5
21. Qd4 b5 22. Be4 bxc4 23. bxc4 Bb7 24. cxd5 Qf4 25. g3 Qd6 26. dxe6 Qxd4 27.
Rxd4 Bxe4 28. exf7+ Kxf7 29. Rxe4 Rc8 30. h4 Rc3 31. Ra4 Rc7 32. g4 Kg8 33. g5
Kg7 34. f4 Kf7 35. Kf2 Ke6 36. Ra5 Kf7 37. Ra6 Kg7 38. Kf3 Rf7 39. Ke4 Re7+ 40.
Kd5 Rf7 41. Ke5 Rf5+ 42. Ke4 Rf7 43. Ra5 Rc7 44. f5 Kf7 45. f6 Rb7 46. Kd5 Kf8
47. Ra6 Kf7 48. Kc6 1-0

[Event "Michigan Amateur"]
[Site "Kalamazoo "]
[Date "1998.??.??"]
[Round "?"]
[White "Moore, Martin"]
[Black "Brumley, Ron"]
[Result "0-1"]
[WhiteElo "1605"]
[BlackElo "1755"]
[PlyCount "118"]
[EventDate "1998.07.??"]

{7/18} 1. e4 e6 2. d4 d5 3. e5 c5 4. c3 Nc6 5. Bb5 Nge7 6. Nf3 a6 7. Bxc6+ bxc6
8. Bg5 h6 9. Bxe7 Bxe7 10. Nbd2 cxd4 11. cxd4 O-O 12. O-O a5 13. Re1 Bd7 14.
Nf1 Qb6 15. Rb1 c5 16. Ng3 cxd4 17. Qxd4 Bc5 18. Qg4 Bxf2+ 19. Kh1 Bxg3 20.
Qxg3 Rfc8 21. Re2 Rc7 22. Rf2 Rac8 23. Ng1 Be8 24. Rf4 Rc1 25. Rf1 Rxf1 26.
Rxf1 Qxb2 27. Rf6 Qc1 28. Rf4 Rc3 29. Rf3 Rxf3 30. Qxf3 Qc4 31. Qe2 Qxe2 32.
Nxe2 Bb5 33. Nd4 Bc4 34. Nc6 a4 35. a3 f6 36. g4 Be2 37. h3 Kf7 38. Kg2 Bb5 39.
Nd4 Ba6 40. Nc6 Ke8 41. Kf3 Bb7 42. Nd4 Kd7 43. Kf4 g5+ 44. Kg3 fxe5 45. Nf3
Kd6 46. h4 d4 47. hxg5 Bxf3 48. Kxf3 hxg5 49. Ke4 Kc6 50. Kd3 Kd5 51. Kc2 Kc4
52. Kd2 d3 53. Kd1 Kc3 54. Kc1 d2+ 55. Kd1 e4 56. Ke2 Kc2 57. Ke3 d1=Q 58. Kxe4
Qd5+ 59. Ke3 Qe5+ 0-1

[Event "Michigan Beginners"]
[Site "Grand Rapids, MI"]
[Date "1998.??.??"]
[Round "?"]
[White "Moore, B."]
[Black "Nolan, Scott"]
[Result "1-0"]
[WhiteElo "1605"]
[BlackElo "1605"]
[PlyCount "29"]
[EventDate "1998.01.??"]

1. d4 d5 2. c4 c6 3. Nf3 Bg4 4. Nc3 Nf6 5. Bg5 Bxf3 6. exf3 e6 7. Bd3 g6 8. Qb3
Be7 9. Qxb7 Nbd7 10. Qxc6 Rb8 11. O-O Nh5 12. Bxe7 Qxe7 13. cxd5 exd5 14. Rfe1
Rxb2 15. Qc8# 1-0

[Event "Michigan Beginners"]
[Site "Grand Rapids, MI"]
[Date "1998.??.??"]
[Round "?"]
[White "Moore, B."]
[Black "Nolan, Dan"]
[Result "1-0"]
[WhiteElo "1605"]
[BlackElo "1605"]
[PlyCount "187"]
[EventDate "1998.01.??"]

1. d4 d5 2. c4 e6 3. Nc3 Bb4 4. Nf3 Nc6 5. Bg5 Nf6 6. e3 h6 7. Bxf6 Qxf6 8. Rc1
O-O 9. Bd3 Na5 10. cxd5 exd5 11. O-O c6 12. Qa4 Bxc3 13. Rxc3 b6 14. b4 Nb7 15.
Rxc6 Bd7 16. Rxf6 Bxa4 17. Rf5 Bd7 18. Rxd5 Be6 19. Re5 Bxa2 20. Be4 Rab8 21.
Re7 Nd6 22. Rxa7 Bc4 23. Rc1 Nb5 24. Raa1 Be6 25. Ne5 Rbc8 26. Bc6 Nc7 27. Bd7
Bxd7 28. Nxd7 Rfd8 29. Nxb6 Rb8 30. Rxc7 Rxb6 31. Rb1 Rdb8 32. Rc4 f5 33. f3
Kf7 34. h3 g6 35. g4 Ke6 36. e4 h5 37. Kf2 hxg4 38. fxg4 fxe4 39. Ke3 Kd5 40.
Rc5+ Kd6 41. b5 Re8 42. h4 Rbb8 43. Rc6+ Kd5 44. Rxg6 Ra8 45. Rg5+ Kd6 46. Rb3
Ra1 47. Rb2 Ra3+ 48. Ke2 Rh3 49. Kd1 Rxh4 50. b6 Rh1+ 51. Kd2 Rh2+ 52. Kc3 Rxb2
53. Kxb2 e3 54. Re5 Rb8 55. Rxe3 Rxb6+ 56. Kc3 Rc6+ 57. Kd3 Rc1 58. Re5 Rd1+
59. Ke4 Re1+ 60. Kf5 Rf1+ 61. Kg6 Rd1 62. g5 Rxd4 63. Kf6 Rf4+ 64. Rf5 Re4 65.
g6 Re6+ 66. Kg7 Rxg6+ 67. Kxg6 Ke6 68. Rf1 Ke5 69. Re1+ Kf4 70. Kh5 Kf3 71. Kg5
Kf2 72. Ra1 Ke3 73. Ra4 Kf3 74. Kf5 Ke3 75. Re4+ Kd3 76. Kf4 Kc3 77. Ke3 Kc2
78. Rd4 Kc3 79. Rf4 Kc2 80. Kd4 Kb3 81. Kd3 Kb2 82. Kc4 Ka3 83. Kc3 Ka2 84. Kb4
Kb2 85. Rf2+ Kc1 86. Kc3 Kd1 87. Kd3 Kc1 88. Rd2 Kb1 89. Kc3 Kc1 90. Kd3 Kb1
91. Rc2 Ka1 92. Kc3 Kb1 93. Kb3 Ka1 94. Rc1# 1-0

[Event "Michigan Amateur"]
[Site "Kalamazoo "]
[Date "1998.??.??"]
[Round "?"]
[White "Moore, B."]
[Black "Crysler, Jerry"]
[Result "1-0"]
[WhiteElo "1605"]
[BlackElo "1605"]
[PlyCount "95"]
[EventDate "1998.07.??"]

{7/18} 1. d4 g6 2. Nf3 Bg7 3. c3 b6 4. Bg5 Bb7 5. Nbd2 f6 6. Bf4 g5 7. Bg3 Nh6
8. Qc2 Nf7 9. e3 e6 10. Be2 d6 11. O-O-O Qe7 12. Kb1 Nd7 13. Rhe1 O-O 14. h4 g4
15. Nh2 f5 16. e4 fxe4 17. Nxg4 c5 18. Nxe4 cxd4 19. cxd4 d5 20. Nd2 Bxd4 21.
Qc7 Qb4 22. Nb3 Bg7 23. Qxd7 Nd8 24. Bd6 Bc6 25. Qxg7+ Kxg7 26. Bxb4 Rf7 27.
Bc3+ Kf8 28. Rf1 a5 29. Ne5 Rfa7 30. Nxc6 Nxc6 31. Nd4 Nd8 32. Nb5 Rd7 33. Bd4
Rb8 34. Rc1 Nf7 35. Rc7 Rdd8 36. Rfc1 e5 37. Be3 d4 38. Bd2 d3 39. Bh5 Nd6 40.
Nxd6 Rxd6 41. Rf7+ Kg8 42. Rcc7 Rbd8 43. Rg7+ Kf8 44. Rxh7 Kg8 45. Bd1 Rd5 46.
Bb3 a4 47. Bxd5+ Rxd5 48. Rhd7 1-0

[Event "Michigan Beginners"]
[Site "Grand Rapids, MI"]
[Date "1998.??.??"]
[Round "?"]
[White "Moore, B."]
[Black "Avery, James"]
[Result "1-0"]
[WhiteElo "1605"]
[BlackElo "1605"]
[PlyCount "75"]
[EventDate "1998.01.??"]

1. d4 d5 2. c4 Nf6 3. Nc3 e6 4. e3 Nc6 5. Nf3 g6 6. Bd3 Bg7 7. O-O O-O 8. Qc2
Nb4 9. Qd2 Nxd3 10. Qxd3 Ne4 11. Nxe4 dxe4 12. Qxe4 f5 13. Qc2 b6 14. Ne5 Bxe5
15. dxe5 Bb7 16. b3 b5 17. cxb5 Qd5 18. f4 Rad8 19. a4 Qd3 20. Qxd3 Rxd3 21.
Rb1 Rc3 22. Rd1 Rc2 23. Rb2 Rxg2+ 24. Rxg2 Bf3 25. Rdd2 Bxg2 26. Kxg2 c5 27.
bxc6 Rc8 28. Rd6 h5 29. h4 g5 30. hxg5 h4 31. Kh3 Kf7 32. Rd7+ Ke8 33. Rd6 Rd8
34. Rxd8+ Kxd8 35. Kxh4 Kc7 36. Kh5 Kxc6 37. Kh6 a5 38. g6 1-0

[Event "Kalamazoo Mini-Swiss.2"]
[Site "Kalamazoo, MI"]
[Date "1998.??.??"]
[Round "?"]
[White "Mooney, Robert"]
[Black "Draper, M."]
[Result "0-1"]
[WhiteElo "1605"]
[BlackElo "1605"]
[PlyCount "144"]
[EventDate "1998.??.??"]

1. e4 e5 2. Bc4 Nf6 3. d3 d6 4. Bg5 Be7 5. Bxf6 Bxf6 6. Qh5 O-O 7. Nd2 Nc6 8.
a3 Nd4 9. Bb3 c6 10. Ne2 Qb6 11. Nxd4 Qxd4 12. Rb1 Be6 13. Bxe6 fxe6 14. Qe2
Rf7 15. Qe3 Raf8 16. Qxd4 exd4 17. O-O Bh4 18. Nf3 Be7 19. Nxd4 Rf6 20. Rbe1 d5
21. b4 c5 22. Nf3 cxb4 23. exd5 bxa3 24. Rxe6 Rxe6 25. dxe6 Bf6 26. Nd2 Rc8 27.
Ne4 Be7 28. c4 Rc6 29. Rb1 a2 30. Ra1 Ra6 31. f3 Bf6 32. Nxf6+ gxf6 33. Kf2 Kf8
34. d4 Ke7 35. d5 b6 36. Ke3 Ra3+ 37. Kd2 a5 38. Kc2 Ra4 39. Kb3 Rb4+ 40. Kxa2
Rxc4 41. Rb1 Ra4+ 42. Kb3 Rd4 43. Kc3 Rxd5 44. Rxb6 Rd6 45. Rxd6 Kxd6 46. Kc4
Kxe6 47. Kb5 Ke5 48. Kxa5 Kf4 49. Kb4 Ke3 50. h4 Kf2 51. Kc5 Kxg2 52. Kd6 Kxf3
53. Ke6 h5 54. Kf5 Kg3 55. Kxf6 Kxh4 56. Kf5 Kg3 57. Kg5 h4 58. Kf5 h3 59. Ke4
h2 60. Kd4 h1=Q 61. Ke5 Qh4 62. Kd5 Qf4 63. Kc5 Qe4 64. Kd6 Kf4 65. Kc5 Ke5 66.
Kb6 Qd5 67. Kc7 Qd6+ 68. Kb7 Kd5 69. Kc8 Qe7 70. Kb8 Kc6 71. Ka8 Kb6 72. Kb8
Qe8# 0-1

[Event "Michigan Open"]
[Site "Flint, MI"]
[Date "1998.??.??"]
[Round "6"]
[White "Moody, David"]
[Black "Aldrich, Jeff"]
[Result "1-0"]
[WhiteElo "1930"]
[BlackElo "2010"]
[Annotator "Tim McGrew"]
[PlyCount "31"]
[EventDate "1998.09.??"]

{When Moody is in form his games are almost pure Tal. Who can play over the
following game and not be reminded of Tal's many sacrifices on e6 before the
opponent has castled?} 1. e4 c6 2. d4 d5 3. Nc3 dxe4 4. Bc4 Bf5 5. f3 {I'd
like to say that I had something to do with David's playing this move, but he
really doesn't need any encouragement to sacrifice material for the initiative.
White gets a surprising amount of play for the pawn and Black is not advised
to take the gambit lightly.} Nf6 6. fxe4 Nxe4 7. Nf3 e6 8. O-O Nd7 {On a
superficial inspection one is inclined to rate Black's game as somewhat
preferable, or at a minimum as completely safe. In view of the forcing
sequence White finds next, however, Black is already worse and within three
moves he will be lost.} 9. Nxe4 Bxe4 10. Ng5 $1 Bg6 {Apparently guarding
everything, but appearances are deceiving.} (10... Nf6 {is relatively best,
but after} 11. Rxf6 $1 Bxc2 $1 12. Qxc2 Qxf6 13. Be3 Bd6 14. g3 $1 {White is
clearly on top.}) 11. Bxe6 $3 {Here is a bit of pure David Moody, a tactical
shot that comes out of nowhere and leaves the opponent wondering what in
blazes has happened.} fxe6 12. Nxe6 {Black's position is very awkward. He must
keep c7 covered, but discovered checks on the e-file will be very embarrassing.
} Qa5 13. Bd2 {Gaining a tempo with a dastardly hidden point.} Qb6 14. Qe1 Be7
{Of course Black shields himself from the discovered check, but ...} 15. Nxg7+
Kd8 16. Ba5 $1 1-0